书目信息 |
| 书名: | Ethan Frome and other short fiction | |
| 作者: | by Edith Wharton ; with an introduction by Mary Gordon. | |
| 分册号: | ||
| 分册名: | 出版地: | Toronto ; |
|
| 出版社: | Bantam Books | |
| 出版时间: | 1987. | |
| 页数: | xviii, 237 p. ; | |
| 开本: | 18 cm. | |
| 丛书名: | A Bantam classic | |
| 中图分类号: | ||
| 科图分类号: | ||
| 其他分类号: | I561.4 | |
| 主题词: | ||
| 电子资源: | ||
| 000 | 00784nam a2200253 a 4500 | |
| 001 | E0732550073 | |
| 003 | CAL | |
| 005 | 20070712151709.67 | |
| 008 | 870430s1987 onc 000 1 eng d | |
| 020 | @a0553212559. | |
| 035 | @afdu09087206 | |
| 040 | @aTLM@cTLM | |
| 090 | @aI561.4 | |
| 093 | @aI712.45@24 | |
| 099 | @dI561.4@ex449 | |
| 100 | 1 | @aWharton, Edith,@d1862-1937. |
| 245 | 10 | @aEthan Frome and other short fiction / @cby Edith Wharton ; with an introduction by Mary Gordon. |
| 250 | @aBantam classic ed. | |
| 260 | @aToronto ;@aNew York :@bBantam Books,@c1987. | |
| 300 | @axviii, 237 p. ;@c18 cm. | |
| 440 | 2 | @aA Bantam classic |
| 505 | 0 | @aEthan Frome -- The Touchstone -- The last asset -- Xingu -- The other two. |
| 700 | 1 | @aGordon, Mary@q(Mary E.) |
| 998 | @aFDU | |
| Ethan Frome and other short fiction / / by Edith Wharton ; with an introduction by Mary Gordon.-Bantam classic ed.-Toronto ; ; New York : : Bantam Books, , 1987. |
| xviii, 237 p. ; ; 18 cm.- (A Bantam classic) |
| Ethan Frome -- The Touchstone -- The last asset -- Xingu -- The other two. |
| ISBN 0553212559. |
| ● |
| 相关链接 |
|
|
|
|
正题名:Ethan Frome and other short fiction
索取号:I561.4/x449
 
预约/预借
| 序号 | 登录号 | 条形码 | 馆藏地/架位号 | 状态 | 备注 |
| 1 | 0011823 | 300118236 | 第四借阅区/ [索取号:I561.4/x449] | 在馆 | |
| 2 | 0012830 | 300128305 | 第二样本阅览室/ [索取号:I561.4/x449] | 在馆 | |
| 3 | 0012831 | 300128314 | 第四借阅区/ [索取号:I561.4/x449] | 在馆 | |
| 4 | 0012832 | 300128323 | 第四借阅区/ [索取号:I561.4/x449] | 在馆 |